000 00707nam a2200289Ia 4500
005 20260324123424.0
008 008 260324s9999 xx 000 0 eng d
020 _a9780203123621
037 _aEBOOK
040 _aCRL
040 _beng
040 _cCRL
041 _2eng
041 _aeng
084 _qCRL
100 _aDimitri Almeida
_91170245
245 4 _aThe Impact of European Integration on Political Parties
245 0 _bBeyond the Permissive Consensus
260 _bTaylor and Francis
260 _c2012
365 _a
365 _b240
856 _uhttp://www.taylorfrancis.com/books/9780203123621
942 _cEBOOK
999 _c1763761
_d1763761